000
00200 a2200097 4500
001
3919
100
_a
Bueche, F
245
_a
Principles of physics
260
_a
_b
Mcgrawhill
_c
090
_c
3149
_d
3149
942
_a
NUST-CAE
_c
M
_c
23880
999
_c
238992
_d
238992